Library of the University of Algiers 3
Ibrahim Sultan Cheibout
شعار جامعة الجزائر 3
مكتبة جامعة الجزائر 3
إبراهيم سلطان شيبوط

المحاسبة المتقدمة / (رقم التسجيلة. 45346)

تفاصيل مارك
000 -LEADER
fixed length control field 01722nam a2200229Ia 4500
003 - CONTROL NUMBER IDENTIFIER
control field Ost
005 - DATE AND TIME OF LATEST TRANSACTION
control field 20260507075638.0
008 - FIXED-LENGTH DATA ELEMENTS--GENERAL INFORMATION
fixed length control field 260507s9999||||xx |||||||||||||| ||und||
020 ## - INTERNATIONAL STANDARD BOOK NUMBER
International Standard Book Number 6348249960
040 ## - CATALOGING SOURCE
Transcribing agency fsecg
041 ## - LANGUAGE CODE
Language code of text/sound track or separate title ara
082 ## - DEWEY DECIMAL CLASSIFICATION NUMBER
Classification number 657
100 ## - MAIN ENTRY--PERSONAL NAME
Personal name لارسن، جون
Relator term مؤلف
245 #0 - TITLE STATEMENT
Title المحاسبة المتقدمة /
Statement of responsibility, etc. جون لارسن
260 ## - PUBLICATION, DISTRIBUTION, ETC.
Place of publication, distribution, etc. الرياض:
Name of publisher, distributor, etc. دار المريخ للنشر,
Date of publication, distribution, etc. 1998
300 ## - PHYSICAL DESCRIPTION
Extent 849 صفحة؛
Other physical details إيضاحات ؛
Dimensions 24 سم
520 ## - SUMMARY, ETC.
Summary, etc. الجزء الأول : القسم الأول : المحاسبة في شركات الأشخاص والفروع : الفصل الأول : تنظيم وإدارة شركات التضامن : الفصل الثاني : تصفية شركة التضامن وشركات المحاصة : الفصل الثالث : المحاسبة في الفروع , القوائم المالية المجمعة– القسم الثاني : اندماج الشركات وسيطرة شركة على شركة أخرى أوأكثر وإعداد القوائم المالية الموحدة : الفصل الرابع : اندماج الشركات : الفصل الخامس : القوائم المالية الموحدة في تاريخ الإندماج وفقا" لأسلوب الشراء : الفصل السادس : القوائم المالية الموحدة في الفترات التالية للإندماج وفقا" لأسلوب الشراء : الفصل السابع : إعداد القوائم المالية الموحدة وفقا" لأسلوب إندماج الحقوق
653 ## - INDEX TERM--UNCONTROLLED
Uncontrolled term المالية
653 ## - INDEX TERM--UNCONTROLLED
Uncontrolled term المحاسبة المتقدمة
700 ## - ADDED ENTRY--PERSONAL NAME
Personal name ن، موسش
Relator term مؤلف ثانوي
942 ## - ADDED ENTRY ELEMENTS (KOHA)
Koha item type كتب
المقتنيات
Withdrawn status Lost status Source of classification or shelving scheme Damaged status Not for loan Home library Current library Date acquired Serial enumeration / chronology Inventory number Total checkouts Full call number Barcode Date last seen Price effective from Koha item type
    Dewey Decimal Classification   NOT LOAN / إعارة داخلية مكتبة كلية العلوم الإقتصادية والعلوم التجارية وعلوم التسيير مكتبة كلية العلوم الإقتصادية والعلوم التجارية وعلوم التسيير 07/05/2026 الطابق الأرضي 1/1/816   أ/816ج1ن1 1/1/816 07/05/2026 07/05/2026 كتب
    Dewey Decimal Classification   Available مكتبة كلية العلوم الإقتصادية والعلوم التجارية وعلوم التسيير مكتبة كلية العلوم الإقتصادية والعلوم التجارية وعلوم التسيير 07/05/2026 الطابق الأرضي 2/1/816   أ/816ج1ن2 2/1/816 07/05/2026 07/05/2026 كتب
    Dewey Decimal Classification   Available مكتبة كلية العلوم الإقتصادية والعلوم التجارية وعلوم التسيير مكتبة كلية العلوم الإقتصادية والعلوم التجارية وعلوم التسيير 07/05/2026 الطابق الأرضي 3/1/816   أ/816ج1ن3 3/1/816 07/05/2026 07/05/2026 كتب
    Dewey Decimal Classification   Available مكتبة كلية العلوم الإقتصادية والعلوم التجارية وعلوم التسيير مكتبة كلية العلوم الإقتصادية والعلوم التجارية وعلوم التسيير 07/05/2026 الطابق الأرضي 4/1/816   أ/816ج1ن4 4/1/816 07/05/2026 07/05/2026 كتب
    Dewey Decimal Classification   Available مكتبة كلية العلوم الإقتصادية والعلوم التجارية وعلوم التسيير مكتبة كلية العلوم الإقتصادية والعلوم التجارية وعلوم التسيير 07/05/2026 الطابق الأرضي 5/1/816   أ/816ج1ن5 5/1/816 07/05/2026 07/05/2026 كتب
    Dewey Decimal Classification   Available مكتبة كلية العلوم الإقتصادية والعلوم التجارية وعلوم التسيير مكتبة كلية العلوم الإقتصادية والعلوم التجارية وعلوم التسيير 07/05/2026 الطابق الثاني 6/1/816   أ/816ج1ن6 6/1/816 07/05/2026 07/05/2026 كتب
    Dewey Decimal Classification   Available مكتبة كلية العلوم الإقتصادية والعلوم التجارية وعلوم التسيير مكتبة كلية العلوم الإقتصادية والعلوم التجارية وعلوم التسيير 07/05/2026 الطابق الثاني 7/1/816   أ/816ج1ن7 7/1/816 07/05/2026 07/05/2026 كتب
    Dewey Decimal Classification   Available مكتبة كلية العلوم الإقتصادية والعلوم التجارية وعلوم التسيير مكتبة كلية العلوم الإقتصادية والعلوم التجارية وعلوم التسيير 07/05/2026 الطابق الثاني 8/1/816   أ/816ج1ن8 8/1/816 07/05/2026 07/05/2026 كتب

موارد الويب المفتوحة


© University of Algiers 3 All Rights Reserved
|
Implemented by LECHELAH Riad